<?xml version="1.0" encoding="UTF-8"?><?xml-stylesheet type="text/xsl" href="static/style.xsl"?><OAI-PMH xmlns="http://www.openarchives.org/OAI/2.0/" xmlns:xsi="http://www.w3.org/2001/XMLSchema-instance" xsi:schemaLocation="http://www.openarchives.org/OAI/2.0/ http://www.openarchives.org/OAI/2.0/OAI-PMH.xsd"><responseDate>2026-04-17T02:51:03Z</responseDate><request verb="GetRecord" identifier="oai:www.recercat.cat:2117/445048" metadataPrefix="marc">https://recercat.cat/oai/request</request><GetRecord><record><header><identifier>oai:recercat.cat:2117/445048</identifier><datestamp>2026-02-04T06:16:04Z</datestamp><setSpec>com_2072_1033</setSpec><setSpec>col_2072_452950</setSpec></header><metadata><record xmlns="http://www.loc.gov/MARC21/slim" xmlns:dcterms="http://purl.org/dc/terms/" xmlns:xsi="http://www.w3.org/2001/XMLSchema-instance" xmlns:doc="http://www.lyncode.com/xoai" xsi:schemaLocation="http://www.loc.gov/MARC21/slim http://www.loc.gov/standards/marcxml/schema/MARC21slim.xsd">
   <leader>00925njm 22002777a 4500</leader>
   <datafield ind2=" " ind1=" " tag="042">
      <subfield code="a">dc</subfield>
   </datafield>
   <datafield ind2=" " ind1=" " tag="720">
      <subfield code="a">Canceill, Thibault</subfield>
      <subfield code="e">author</subfield>
   </datafield>
   <datafield ind2=" " ind1=" " tag="720">
      <subfield code="a">Canal Barnils, Cristina</subfield>
      <subfield code="e">author</subfield>
   </datafield>
   <datafield ind2=" " ind1=" " tag="720">
      <subfield code="a">Prosper, Alison</subfield>
      <subfield code="e">author</subfield>
   </datafield>
   <datafield ind2=" " ind1=" " tag="720">
      <subfield code="a">Iya-Sou, Djakaou</subfield>
      <subfield code="e">author</subfield>
   </datafield>
   <datafield ind2=" " ind1=" " tag="720">
      <subfield code="a">Dubuc, Antoine</subfield>
      <subfield code="e">author</subfield>
   </datafield>
   <datafield ind2=" " ind1=" " tag="720">
      <subfield code="a">Merbahi, Nofel</subfield>
      <subfield code="e">author</subfield>
   </datafield>
   <datafield ind2=" " ind1=" " tag="720">
      <subfield code="a">Cousty, Sarah</subfield>
      <subfield code="e">author</subfield>
   </datafield>
   <datafield ind2=" " ind1=" " tag="260">
      <subfield code="c">2025-08-10</subfield>
   </datafield>
   <datafield ind2=" " ind1=" " tag="520">
      <subfield code="a">The objective is to evaluate the current evidence on cold atmospheric plasmas (CAP) applications on dental tissues to enhance resin bonding. A systematic review was conducted in November 2024 on PubMed, Science Direct and Google Scholar. Thirty-three studies were included. CAP application reduced the contact angle on dentin and enamel. Most studies reported increased bond strength dentin, but more variable results on enamel. Results are presented in tables for CAP application on the two tissues. To conclude, the use of a dielectric barrier discharge plasma-jet device during 30¿s at a distance of 2–10¿mm from the tissues may lead to better adhesive performance. The description of CAP application requires standardization across studies, with the PLASDENT grid proposed here.</subfield>
   </datafield>
   <datafield ind2=" " ind1=" " tag="520">
      <subfield code="a">The authors acknowledge COST Action CA20114 PlasTHER (Therapeutical Applications of Cold Plasmas) for TC short-term scientific mission. CC acknowledges Instituto de Salud Carlos III (ISCIII) and Next Generation EU funds through Project IHRC22/00003 SELLO EXCEL. ISCIII-HEALTH and MINECO through Project PID2022-141120OB-I00 funded by MCIU/AEI/10.13039/501100011033/FEDER. CC acknowledges Generalitat de Catalunya for SGR2022-1368 and the ICREA Academia Award for excellence in research.</subfield>
   </datafield>
   <datafield ind2=" " ind1=" " tag="520">
      <subfield code="a">Postprint (published version)</subfield>
   </datafield>
   <datafield tag="653" ind2=" " ind1=" ">
      <subfield code="a">Àrees temàtiques de la UPC::Enginyeria dels materials</subfield>
   </datafield>
   <datafield ind2="0" ind1="0" tag="245">
      <subfield code="a">Enhancement of composite resin bonding on dental tissues using cold atmospheric plasma discharge: A systematic literature review and proposal for a redaction grid</subfield>
   </datafield>
</record></metadata></record></GetRecord></OAI-PMH>